Humanities

Detalles Bibliográficos
Formato: Electrónico Revista
Lenguaje:inglés
Publicado: Basel, Switzerland : MDPI AG, 2011-
Materias:
Acceso en línea:Full text available from Research Library: 03/01/2012 to present

MARC

LEADER 00000nas a2200000 i 4500
001 ssj0000913836
003 WaSeSS
005 20200512172242.0
006 m d
007 cr n
008 111227c20129999sz qr p s 0 0eng c
010 |a  2013263150 
022 |a 2076-0787  |l 2076-0787 
035 |a (WaSeSS)ssj0000913836 
040 |a HUA  |b eng  |c HUA  |d OCLCQ  |d CUD  |d AU@  |d OCLCO  |d TXA  |d OCLCF  |d COD  |d OCLCO  |d OCLCQ  |d CUS  |d ELW  |d OCLCO  |d WaSeSS 
042 |a pcc 
050 1 4 |a AS9  |b .H863 
082 4 |a 001.3  |b H918 M 
130 0 |a Humanities (Basel, Switzerland) 
245 1 0 |a Humanities  |h [electronic resource]. 
260 |a Basel, Switzerland :  |b MDPI AG,  |c 2011- 
310 |a Quarterly 
362 1 |a Began with Volume 1, Issue 1 (June 2012). 
506 |a License restrictions may limit access. 
588 |a Description based on: Volume 1, Issue 1 (June 2012); title from PDF article running title (publisher's Web site, viewed May 29, 2014). 
588 |a Latest issue consulted: Volume 3, Issue 1 (March 2014) (viewed May 29, 2014). 
650 0 |a Humanities  |v Periodicals. 
650 7 |a Humanities.  |2 fast  |0 (OCoLC)fst00963588 
655 0 |a Electronic journals. 
856 4 0 |z Full text available from Research Library: 03/01/2012 to present  |u https://search.proquest.com/publication/2032388